St. Louis Cardinals Managers by Picture - Statistics

General Stats
  • This quiz has been taken 116 times
  • The average score is 15 of 61
Answer Stats
Picture Hint Answer % Correct
1996-2011 Tony La Russa
95%
1990-1995 Joe Torre
86%
2022-Present Oliver Marmol
82%
1980-1990 Whitey Herzog
82%
2012-2018 Mike Matheny
77%
1965-1976 | 1980 | 1990 Red Schoendienst
77%
2018-2021 Mike Shildt
73%
1925-1926 Rogers Hornsby
55%
1919-1925 Branch Rickey
50%
1933-1938 Frankie Frisch
41%
1961-1964 Johnny Keane
36%
1978-1980 Ken Boyer
36%
1951 Marty Marion
36%
1913-1917 Miller Huggins
36%
1995 Mike Jorgensen
32%
1959-1961 Solly Hemus
32%
1977-1978 Vern Rapp
32%
1928-1929 Bill McKechnie
27%
1929 | 1940-1945 Billy Southworth
27%
1929-1933 Gabby Street
27%
1978 | 1980 Jack Krol
27%
1904-1905 Kid Nichols
27%
1890 Tommy McCarthy
27%
1952-1955 Eddie Stanky
23%
1956-1958 Fred Hutchinson
23%
1938 | 1940 Mike González
18%
1909-1912 Roger Bresnahan
18%
1883 | 1884-1889 | 1891 Charles Comiskey
14%
1946-1950 Eddie Dyer
14%
1955 Harry Walker
14%
1901-1903 Patsy Donovan
14%
1893 Bill Watkins
9%
1927 Bob O'Farrell
9%
1890 Chief Roseman
9%
1892 Cub Stricker
9%
1894 Doggie Miller
9%
1892 George Gore
9%
1897 Hugh Nicol
9%
1918 Jack Hendricks
9%
1905 Jimmy Burke
9%
1906-1908 John McCloskey
9%
1882 Ned Cuthbert
9%
1939-1940 Ray Blades
9%
1905 Stanley Robinson
9%
1883 Ted Sullivan
9%
1898 Tim Hurst
9%
1896-1897 Tommy Dowd
9%
1895 Al Buckenberger
5%
1896 Arlie Latham
5%
1897 Bill Hallman
5%
1892 Bob Caruthers
5%
1895 | 1896 | 1897 Charles von der Ahe
5%
1890 Count Campau
5%
1892 Jack Crooks
5%
1892 Jack Glasscock
5%
1890 Joe Gerhardt
5%
1895 Joe Quinn
5%
1890 John Kerins
5%
1899-1900 Patsy Tebeau
5%
1896 Roger Connor
5%
1958 Stan Hack
5%
No matching quizzes found
Score Distribution
Percent of People with Each Score
Percentile by Number Answered
Your Score History
You have not taken this quiz